| 000 | 00644nam a2200217 4500 | ||
|---|---|---|---|
| 001 | 120413 | ||
| 003 | ES-MaACL | ||
| 005 | 20250514193756.0 | ||
| 007 | t| | ||
| 008 | 070214s1986 sp r ||||1| spa d | ||
| 100 | 1 |
_aPisionero, Encarnación. _992375 |
|
| 245 | 1 | 0 |
_aSi se cubre de musgo la memoria / _cEncarnación Pisionero ; prólogo, Antonio Hernández. |
| 260 |
_aMadrid : _bAyuso, _c1986. |
||
| 300 |
_a73 p. ; _c20 cm. |
||
| 490 | 1 | _aEndymión | |
| 700 | 1 |
_aHernández, Antonio, _d1943-2024 _962787 |
|
| 830 | 0 |
_aEndymión _9178235 |
|
| 852 |
_aES-MaACL _jL-12494 _bR.115037 |
||
| 942 | _2udc | ||
| 999 |
_c120413 _d120413 |
||